000 00292 a2200145 4500
001 192209
020 _a
040 _cMagnum
100 _aMacedo, Joaquim Manuel de
240 1 0 _aA moreninha
_lpor
245 1 0 _aA moreninha
300 _a159
697 _aLITERATURA GERAL
942 _cBK
999 _c192209
_d192209